Comuni più ricchi d’Italia - Statistics

Statistiche generali
  • Questo quiz è stato fatto 68 volte
  • Il punteggio medio è 2 su 21
Statistiche sulle risposte
Reddito medio 2024 Comune % Corretto
€ 38.989 Milano
97%
€ 94.505 Portofino
29%
€ 38.384 Courmayeur
14%
€ 50.807 Basiglio
8%
€ 37.199 Forte Dei Marmi
8%
€ 35.595 San Donato Milanese
8%
€ 39.001 Segrate
6%
€ 38.787 Arese
3%
€ 41.987 Cusago
3%
€ 37.559 Pecetto Torinese
3%
€ 38.917 Pino Torinese
3%
€ 35.617 Cernusco Sul Naviglio
2%
€ 61.980 Lajatico
2%
€ 35.680 Mozzo
2%
€ 37.633 Padenghe Sul Garda
2%
€ 37.381 Pieve Ligure
2%
€ 38.038 Vedano Al Lambro
2%
€ 38.191 Bogogno
0%
€ 47.801 Solonghello
0%
€ 40.682 Torre D’Isola
0%
€ 38.610 Vezzi Portio
0%
Nessun quiz corrispondente trovato
Distribuzione punteggi
Percentuale di utenti per punteggio
Percentile per numero di risposta
I tuoi punteggi nel tempo
Non hai fatto questo quiz